What Money Can't Buy (Record no. 332200)

MARC details
000 -LEADER
fixed length control field 00476nam a2200169Ia 4500
008 - FIXED-LENGTH DATA ELEMENTS--GENERAL INFORMATION
fixed length control field 230718s9999 xx 000 0 und d
020 ## - INTERNATIONAL STANDARD BOOK NUMBER
International Standard Book Number 9781846144721
041 ## - LANGUAGE CODE
Language code of text/sound track or separate title eng
082 ## - DEWEY DECIMAL CLASSIFICATION NUMBER
Classification number 305.23'0973
Item number SAN
100 ## - MAIN ENTRY--PERSONAL NAME
Personal name Sandel M.J.
9 (RLIN) 194477
245 ## - TITLE STATEMENT
Title What Money Can't Buy
Remainder of title The Moral Limits Of Markets
260 ## - PUBLICATION, DISTRIBUTION, ETC. (IMPRINT)
Date of publication, distribution, etc. 2012
Name of publisher, distributor, etc. Allen Lane
300 ## - PHYSICAL DESCRIPTION
Extent 244
365 ## - TRADE PRICE
Currency code Rs.
Price amount 650.00
700 ## - ADDED ENTRY--PERSONAL NAME
Personal name Sandel M.J.
9 (RLIN) 194477
906 ## - LOCAL DATA ELEMENT F, LDF (RLIN)
d O:0333215-Mar-2013B:284208-Mar-2013
c GENRL
b 143
Holdings
Withdrawn status Lost status Damaged status Not for loan Home library Current library Date acquired Vendor Budget Code Cost, normal purchase price Bill number Total Checkouts Full call number Barcode Date last seen Discount Cost, replacement price Bill Date Koha item type Original Barcode
        Cummins College of Engineering for Women Pune Cummins College of Engineering for Women Pune 15/03/2013 Technical Book Services GENRL 507.00 2842   305.23'0973 CCEP-BK-43407 18/07/2023 143 650.00 08/03/2013 Books 043407